[Event "Sao Bernardo do Campo op"]
[Site "Sao Bernardo do Campo"]
[Date "2012.09.15"]
[Round "3"]
[White "Oliveira dos Santos, Vivaldo"]
[Black "Modes, Andre Vinicius"]
[Result "1/2-1/2"]
[WhiteElo "1800"]
[BlackElo "1693"]
[PlyCount "75"]
[EventDate "2012.09.14"]
[EventType "swiss"]
[EventRounds "6"]
[EventCountry "BRA"]
[SourceTitle "CBM 150 Extra"]
[Source "ChessBase"]
[SourceDate "2012.10.19"]
[SourceVersion "1"]
[SourceVersionDate "2012.10.19"]
[SourceQuality "1"]

1. e4 c5 2. f4 Nc6 3. Nf3 d6 4. Bc4 Nf6 5. Nc3 e6 6. 0-0 Be7 7. a3 0-0 8. d3 Bd7 9. Kh1 e5 10. f5 a6 11. Qe1 Kh8 12. Qg3 Nd4 13. Nxd4 cxd4 14. Nd5 Nxd5 15. Bxd5 Bc6 16. Bxc6 bxc6 17. Bd2 Rb8 18. b3 Bf6 19. Rab1 Rg8 20. c3 dxc3 21. Bxc3 c5 22. b4 cxb4 23. axb4 Ra8 24. Ra1 Qc8 25. Rfc1 Qb7 26. Ra5 Bd8 27. Rd5 Bc7 28. h3 Rgc8 29. Qe1 Bb8 30. d4 f6 31. dxe5 fxe5 32. g4 Qf7 33. Qf2 Ba7 34. Qh4 Rc6 35. g5 Kg8 36. Bd2 Rac8 37. b5 axb5 38. Rxb5 1/2-1/2